|
|
|
|
| LEADER |
00665nab a2200205 i 4500 |
| 001 |
tisza8161 |
| 005 |
20200330133939.0 |
| 008 |
170513s1974 hu o 0|| hun d |
| 022 |
|
|
|a 0133-1167
|
| 040 |
|
|
|a SZTE Tiszatáj Archívum
|b hun
|
| 041 |
|
|
|a hun
|
| 100 |
1 |
|
|a Féja Géza
|
| 245 |
1 |
0 |
|a Két költő
|h [elektronikus dokumentum] /
|c Féja Géza
|
| 260 |
|
|
|c 1974
|
| 300 |
|
|
|a 72-78
|
| 490 |
0 |
|
|a Tiszatáj
|v 28 No. 1
|
| 695 |
|
|
|a Sárándi József, Veress Miklós, Magyar irodalom - költészet - 20. sz.
|
| 700 |
0 |
1 |
|a Sárándi József
|
| 700 |
0 |
1 |
|a Veress Miklós
|
| 856 |
4 |
0 |
|u http://tiszataj.bibl.u-szeged.hu/8161/1/tiszataj_1974_001_072-078.pdf
|z Dokumentum-elérés
|